LEADER 00995nam a2200253 i 4500 001 991001333599707536 008 041117s2005 it 001 0 ita d 020 $a8837220448 035 $ab13356471-39ule_inst 040 $aDip.to Filologia Ling. e Lett.$bita 100 1 $aFirpo, Massimo$0134244 245 10$aInquisizione romana e controrifoma :$bStudi sul cardinal Giovanni Morone (1509-1580) e il suo processo d'eresia /$cMassimo Firpo 260 $aBrescia :$cc2005 300 $a620 p. ;$c21 cm 440 0$aStoria/Morcelliana ;$v9 500 $aNuova edizione riveduta e ampliata 504 $aInlude indice dei nomi 650 4$aMorone, Giovanni 907 $a.b13356471$b21-09-06$c17-11-05 912 $a991001333599707536 945 $aLE008 LLI O X 29$g1$i2008000111816$lle008$nMontagnani$o-$pE0.00$q-$rl$s- $t0$u4$v1$w4$x0$y.i14153907$z17-11-05 996 $aInquisizione romana e controrifoma$91093123 997 $aUNISALENTO 998 $ale008$b17-11-05$cm$da $e-$fita$git $h0$i0 LEADER 01664nas 2200577- 450 001 996231335803316 005 20231101153713.0 011 $a1868-503X 035 $a(OCoLC)779692830 035 $a(CKB)1000000000756826 035 $a(CONSER)--2015204027 035 $a(DE-599)ZDB2558921-0 035 $a(EXLCZ)991000000000756826 100 $a20091104a20109999 s-- - 101 0 $aeng 135 $aur||||||||||| 181 $ctxt$2rdacontent 182 $cc$2rdamedia 183 $acr$2rdacarrier 200 00$aBiomolecular concepts 210 1$aBerlin :$cWalter de Gruyter,$d[2010]- 300 $aRefereed/Peer-reviewed 311 $a1868-5021 606 $aMolecular biology$vPeriodicals 606 $aBiomolecules$vPeriodicals 606 $aBiochemistry$vPeriodicals 606 $aCytology$vPeriodicals 606 $aBiochemical Phenomena 606 $aGenetic Phenomena 606 $aBiology$2ebps 606 $aBiochemistry$2fast$3(OCoLC)fst00831961 606 $aBiomolecules$2fast$3(OCoLC)fst00832624 606 $aCytology$2fast$3(OCoLC)fst00886282 606 $aMolecular biology$2fast$3(OCoLC)fst01024734 608 $aPeriodical. 608 $aPeriodicals.$2fast 615 0$aMolecular biology 615 0$aBiomolecules 615 0$aBiochemistry 615 0$aCytology 615 12$aBiochemical Phenomena. 615 22$aGenetic Phenomena. 615 7$aBiology. 615 7$aBiochemistry. 615 7$aBiomolecules. 615 7$aCytology. 615 7$aMolecular biology. 906 $aJOURNAL 912 $a996231335803316 996 $aBiomolecular concepts$92146769 997 $aUNISA